Score 0/15 Timer 01:00
0 Plays Today
% Correct
Aaron Rodgers
92.3%
Peyton Manning
91.4%
Joe Montana
90.6%
Tom Brady
90.4%
Dan Marino
87.9%
John Elway
86.9%
Steve Young
79.6%
Kurt Warner
79.2%
% Correct
Patrick Mahomes
78.8%
Johnny Unitas
64%
Terry Bradshaw
63.8%
Bart Starr
56%
Fran Tarkenton
47.2%
Ken Stabler
33.2%
Ken Anderson
29.2%

Today's Daily Dose

You're not logged in!

Compare scores with friends on all Sporcle quizzes.
OR
Log In

Sporcle TV

Today on Sporcle TV


Watch our educational content, quiz creation guides, and fun videos on Sporcle TV.

Show Comments

Extras

Top Quizzes Today


Score Distribution

Paid Content

Your Account Isn't Verified!

In order to create a playlist on Sporcle, you need to verify the email address you used during registration. Go to your Sporcle Settings to finish the process.

Report this User

Report this user for behavior that violates our Community Guidelines.

Details: